01092nam0a22002651 4500001001100000005001700011021001900028035002600047100004100073101000800114102000700122105001800129200019300147210003000340215002700370225010100397300005300498320005100551606004900602702002300651712009300674801001800767801002200785852001900807rc\354567820260406200744.0 aRUb[69-76995] a(NLR Aleph) 007672783 a20130115d1969 |||y0rusy50 ca0 arus aRU aa z |||||1 aВопросы эффективности фотосинтезаe[Сборник статейfОтв. ред. В. Росс]gАН ЭССР. Ин-т физики и астрономии aТартуcБ. и.d1969 a175 с.cчерт.d201 a[Работы по международной биологической программе] aРезюме статей на англ. яз. aБиблиогр. в конце статей aФотосинтезjСборники2psbo 1aРоссbВ.434002aИнститут физики и астрономииcТарту3RU\NLR\AUTH\889960304 0aRUbNLRgpsbo 1aRUbELAR2rusmarc aNLRj69-3/6921